00330nam a2200121Ia 4500008004100000041000800041082001500049100001500064245004300079260004400122300003500166365000700201240624s9999 xx 000 0 und d aeng a005.54 DOD aDODGE MARK aMICROSOFT OFFICE EXCEL 2007 INSIDE OUT c2007aNew DelhibPrentice-Hall of India axxviii, : 1056 : p. : cm. ; 23 cRS